LEADER 01420nam0 2200349 450 001 000025104 005 20100713110401.0 010 $a88-7758-441-6 100 $a20090326d2001----km-y0itaa50------ba 101 0 $aita 102 $aIT 200 1 $aManuale del recupero dei siti rurali$fa cura di Vincenzo Anello$glettura antropologica di Rita Cedrini 210 $a[Palermo]$c<> Flaccovio$d2001 215 $a250 p.$cill.$d30 cm.$e1 CD ROM 606 1 $aEdifici rurali$xRisanamento$yPalermo (prov.) 606 2 $aArchitettura rurale$xRisanamento$yPalermo (prov.) 676 $a720.286$v(21. ed.)$9Architettura. Ristrutturazione 676 $a728.920945823$v(21. ed.)$9Architettura di strutture agricole. Palermo (prov.) 702 1$aAnello,$bVincenzo 702 1$aCedrini,$bRita 801 0$aIT$bUniversità della Basilicata - B.I.A.$gRICA$2unimarc 912 $a000025104 996 $aManuale del recupero dei siti rurali$992523 997 $aUNIBAS BAS $aAGRARIA CAT $aTTM$b30$c20090326$lBAS01$h1701 CAT $aTTM$b30$c20090327$lBAS01$h1003 CAT $aTTM$b30$c20100713$lBAS01$h0932 CAT $aTTM$b30$c20100713$lBAS01$h1104 FMT Z30 -1$lBAS01$LBAS01$mBOOK$1BASA4$APolo di Matera$2DID$BDidattica$6107886$5T107886$820090327$f98$FConsultazione Z30 -1$lBAS01$LBAS01$mBOOK$1BASA4$APolo di Matera$2DID$BDidattica$6109608$5T109608$820100713$f98$FConsultazione LEADER 01159nam a2200289 i 4500 001 991000394299707536 005 20020509165855.0 008 990607s1995 it ||| | ita 020 $a8871534263 035 $ab11350854-39ule_inst 035 $aPARLA207273$9ExL 040 $aDip.to Scienze pedagogiche$bita 082 0 $a658.31243 100 1 $aDi Nubila, Renato$0525633 245 13$aLo stage formativo :$bmanuale per l'organizzazione e la gestione dello stage in azienda /$ca cura di Renato Di Nubila 260 $aRoma :$bSIPI,$c1995 300 $a278 p. ;$c24 cm. 490 0 $aImpresa e formazione 500 $aIn testa al front.: Confindustria 650 4$aAziende - Personale - Istruzione professionale 907 $a.b11350854$b01-03-17$c01-07-02 912 $a991000394299707536 945 $aLE022 658 DIN01.01 C. 2$g2$i2022000012324$lle022$o-$pE0.00$q-$rl$s- $t0$u0$v0$w0$x0$y.i11527158$z01-07-02 945 $aLE022 658 DIN01.01 C. 1$g1$i2022000012331$lle022$o-$pE0.00$q-$rl$s- $t0$u1$v0$w1$x0$y.i1152716x$z01-07-02 996 $aStage formativo$9825206 997 $aUNISALENTO 998 $ale022$b01-01-99$cm$da $e-$fita$git $h3$i2